Striking a balance : (Record no. 15031)
[ view plain ]
| 000 -LEADER | |
|---|---|
| fixed length control field | 01903nam a2200205 a 4500 |
| 001 - CONTROL NUMBER | |
| control field | ASIN1853833258 |
| 005 - DATE AND TIME OF LATEST TRANSACTION | |
| control field | 20170105102909.0 |
| 008 - FIXED-LENGTH DATA ELEMENTS--GENERAL INFORMATION | |
| fixed length control field | 131025s1999 xxu eng d |
| 020 ## - INTERNATIONAL STANDARD BOOK NUMBER | |
| International Standard Book Number | 1853833258 (paperback) |
| Terms of availability | $39.95 |
| 020 ## - INTERNATIONAL STANDARD BOOK NUMBER | |
| International Standard Book Number | 9781853833250 (paperback) |
| 040 ## - CATALOGING SOURCE | |
| Original cataloging agency | 0 |
| 082 ## - DEWEY DECIMAL CLASSIFICATION NUMBER | |
| Classification number | 338.91 |
| 245 10 - TITLE STATEMENT | |
| Title | Striking a balance : |
| Remainder of title | a guide to enhancing the effectiveness of non-governmental organisations in international development / |
| Statement of responsibility, etc. | Alan Fowler. |
| 260 ## - PUBLICATION, DISTRIBUTION, ETC. | |
| Place of publication, distribution, etc. | [S.l.] : |
| Name of publisher, distributor, etc. | Routledge, |
| Date of publication, distribution, etc. | 1999. |
| 300 ## - PHYSICAL DESCRIPTION | |
| Extent | 320 p. ; |
| Dimensions | 24 cm. |
| 520 ## - SUMMARY, ETC. | |
| Summary, etc. | At a time of rapid global change, development NGOs are having to scale up their impact, diversify their activities, respond to long-term crises and improve their performance on all fronts. Striking a Balance offers both analysis and a practical guide to how NGDOs can fulfil these demanding expectations. Written for all those involved with NGDO work, the book describes the objectives of sustainablepeople-centred development and the process required to achieve it, focusing on the five factors which determine effectiveness: suitable organisational design; competent leadership and human resources; appropriate external relationships; mobilisation of high quality finance; and the measurement of performance coupled to 'learning for leverage'. In each are the book explains the capacities needed and how they can be assessed and improved. Effectiveness calls for NGDOs which retain their non-profit values, establish the right type of Professionalism, manage dilemmas and balance choices to continually reflect the priorities, rights and needs of those who give them legitimacy: people who are poor and marginalised. This book provides a reference of current and future practices which will help NGDOs to do so. |
| 700 1# - ADDED ENTRY--PERSONAL NAME | |
| Personal name | Fowler, Alan. |
| 856 40 - ELECTRONIC LOCATION AND ACCESS | |
| Materials specified | Amazon.com |
| Uniform Resource Identifier | <a href="http://www.amazon.com/exec/obidos/ASIN/1853833258/chopaconline-20">http://www.amazon.com/exec/obidos/ASIN/1853833258/chopaconline-20</a> |
| 942 ## - ADDED ENTRY ELEMENTS (KOHA) | |
| Source of classification or shelving scheme | |
| Koha item type | Book |
| Withdrawn status | Lost status | Damaged status | Not for loan | Collection code | Permanent Location | Current Location | Shelving location | Date acquired | Total Checkouts | Full call number | Barcode | Date last seen | Price effective from | Koha item type |
|---|---|---|---|---|---|---|---|---|---|---|---|---|---|---|
| Central Library (CL) | Central Library (CL) | General Stacks | 10/01/2013 | 338.91 FOW 2005 | CIPS0001490 | 10/25/2013 | 10/25/2013 | Book |
